| 000 | 00475nam a2200181Ia 4500 | ||
|---|---|---|---|
| 001 | 5018 | ||
| 005 | 20260306145837.0 | ||
| 008 | 260306t2015||||xx |||||||||||||| ||spa|| | ||
| 041 | _aESP | ||
| 082 |
_a332.642 _bD281 |
||
| 100 |
_aDuarte Maza, Raúl _eAUT |
||
| 245 | 0 |
_aManual del individual investor pro: _bla bolsa como divertida fuente de ingresos |
|
| 260 | _c2015 | ||
| 300 |
_a327 páginas : _c24 cm. |
||
| 650 | _aGEN | ||
| 654 | _aCAN | ||
| 942 |
_cLIB _dJUS _fJUS _2ddc _n |
||
| 999 |
_c5018 _d5018 |
||